000 00415nam a2200157 a 4500
005 20140310183141.0
008 020820s19uu xx 00 eng d
050 _aP 90
_b.D59 1983
100 _aDominick, Joseph R.
245 _aThe dynamics of mass communication /
_cJoseph R. Dominick.
300 _a552 p.
_bill. ;
_c26 cm
521 _aMC
650 _aMass media
942 _cBK
_2lcc
_kFOR
999 _c19414
_d19414